00881cam a22002537a 4500001000500000005001700005020002500022020001800047040004300065050002100108082000800129100001500137245005300152260004500205300004700250490005000297505000800347520017700355521002000532521002000552650002100572700002000593700001400613315120240214120209.0 a9780448457192 (pbk.) a9780448457192 aOCOcOCOdB@LdUPZdQQ3dBDXdDLCbeng00aPZ7.A8152b 201104a3031 aAshe, Jade10aDay of the dark knight! /cadapted by Jade Ashe. aNew York :bPenguin Young Readers,c2011 a48 pages : bcolor illustrations ;c24 cm.0 aPenguin Young readers. Level 4, fluent reader aR  aBatman travels back in time with Green Arrow where Merlin asks them to battle Morgaine le Fey and obtain the sword Excalibur, but the heroes end up fighting their own egos. a710 bLexile  aR bRaz-Plus  1aReaders2fiction1 aDeMatteis, J. M1 aKane, Bob